| 000 | 01073cam a22002054a 4500 | ||
|---|---|---|---|
| 005 | 20250605164107.0 | ||
| 008 | 250528s ||||||||||||||||||||||||d | ||
| 035 | _a17772 | ||
| 020 | _a9780470723005 | ||
| 040 |
_aGR-AtMCL _bgre _dGR-AtMCL _eAACR2 |
||
| 245 | 1 | _aDynamics and Vibration / An Introduction | |
| 250 | _a1st | ||
| 260 |
_bJohn Wiley & Sons, Ltd, _c2008 |
||
| 300 | _a574 | ||
| 520 | _aThis book offers lectures and students of Dynamics and Vibration a practical and concise resource specifically for their needs. Preface, Acknowledgements, Dynamics, Kinematics of Particles, Kinematics of Rigid Bodies, Balancing of Machines, Vibration, Free Vibration of Systems with a Single Degree of Freedom, Forced Vibration of Systems with a Single Degree of Freedom, Vibration of Continuous Systems, Finite-Element Method, Appendices, DAMA and Guidelines for Simulations, Properties of Area, Equivalent Stiffness for Combinations of Springs, Summary of Formulas, Index. | ||
| 700 | 1 |
_aWahab Magd Abdel _94007 |
|
| 942 | _cBK | ||
| 999 |
_c3172 _d3172 |
||